000 00249nam a22001217a 4500
008 181009b xxu||||| |||| 00| 0 eng d
041 _aeng
080 _a616
100 _a9
101 _aPAT
245 _aBasic Pathology
_cKumar
942 _2udc
_cBK
999 _c49128
_d49128